[Event "Politiken Cup 2007"]
[Site "Helsingor"]
[Date "2007.07.29"]
[Round "10.95"]
[White "Tuomisto, Keijo"]
[Black "Joensen, Jogvan"]
[Result "0-1"]
[WhiteElo "1965"]
[BlackElo "1752"]
[PlyCount "74"]
[EventDate "2007.??.??"]

1. e4 d5 2. exd5 Qxd5 3. Nc3 Qa5 4. d4 Nf6 5. Nf3 Bf5 6. Bd2 c6 7. Bc4 e6 8.
O-O Qc7 9. Re1 Be7 10. a4 Nbd7 11. Ne5 O-O 12. Bb3 Rad8 13. Qe2 Bd6 14. Rad1 a6
15. h3 h6 16. Nc4 Be7 17. Qf3 Nd5 18. a5 N7f6 19. Na4 Bb4 20. Bxb4 Nxb4 21. Rd2
Nbd5 22. Nc5 Nd7 23. Ne4 N7f6 24. Nxf6+ Nxf6 25. c3 Nd5 26. Bc2 Bxc2 27. Rxc2
c5 28. dxc5 Qxc5 29. b3 Rc8 30. Rec1 Rc7 31. Qg3 Qb5 32. Nd2 Qxa5 33. Qe5 Qc5
34. b4 Qe7 35. Nb3 b6 36. Ra1 Rfc8 37. Rxa6 Nxb4 0-1

[Event "Politiken Cup 2007"]
[Site "Helsingor"]
[Date "2007.07.29"]
[Round "10.96"]
[White "Ringoir, Guy"]
[Black "Wilhelm, Holger"]
[Result "1-0"]
[WhiteElo "1938"]
[BlackElo "1690"]
[PlyCount "119"]
[EventDate "2007.??.??"]

1. e4 e5 2. f4 d6 3. Nf3 Nc6 4. Bc4 Bg4 5. O-O Bxf3 6. Qxf3 Nf6 7. d3 Qd7 8.
Nc3 O-O-O 9. Bb5 Kb8 10. Kh1 Nd4 11. Bxd7 Nxf3 12. Ba4 Nd4 13. Be3 c5 14. fxe5
dxe5 15. Bg5 Be7 16. Bxf6 Bxf6 17. Nd5 Rxd5 18. exd5 b5 19. Bb3 Rd8 20. c4 b4
21. Bd1 Rd6 22. b3 Ra6 23. g3 Kc7 24. Kg2 Kd7 25. h4 Ke8 26. Kh3 Be7 27. Rf2 f6
28. a4 Bd8 29. Rf1 Kf8 30. Ra2 Rd6 31. Raf2 a5 32. g4 g6 33. Re1 Kg7 34. g5 Be7
35. gxf6+ Bxf6 36. Rg1 Bd8 37. Rgf1 Bf6 38. Kg4 Rb6 39. h5 g5 40. Rh1 h6 41.
Rhf1 Rd6 42. Re1 Rd7 43. Re4 Rb7 44. Rxd4 exd4 45. Bf3 Kf7 46. Be4 Re7 47. Bf5
Re1 48. d6 Rg1+ 49. Kf3 Rb1 50. Ke4 Rxb3 51. Kd5 Ra3 52. Bg6+ Kg7 53. Ke6 Bd8
54. Rf7+ Kg8 55. Rd7 Bb6 56. Rb7 Bd8 57. Rb8 b3 58. Rxd8+ Kg7 59. Rd7+ Kf8 60.
Rf7+ 1-0

[Event "Politiken Cup 2007"]
[Site "Helsingor"]
[Date "2007.07.29"]
[Round "10.97"]
[White "Rostgaard, Tobias Valentin"]
[Black "Karlsson, Patrik"]
[Result "1/2-1/2"]
[WhiteElo "1656"]
[BlackElo "1934"]
[PlyCount "112"]
[EventDate "2007.??.??"]

1. e4 c5 2. Nc3 g6 3. f4 Bg7 4. Nf3 Nc6 5. Bb5 Nd4 6. O-O Nxb5 7. Nxb5 d6 8. d3
Bd7 9. Nc3 e6 10. Qe1 Ne7 11. Qh4 Nc6 12. Qg3 O-O 13. f5 Ne5 14. Bf4 exf5 15.
Nxe5 dxe5 16. Bxe5 f6 17. Bd6 Re8 18. Nd5 Bc6 19. Nc7 fxe4 20. Nxa8 Qxa8 21.
Bxc5 exd3 22. cxd3 Re5 23. Be3 Qd8 24. d4 Re4 25. Rf4 Re8 26. Rf2 f5 27. Rd2
Qd5 28. Re1 Re4 29. Bf4 Rxd4 30. Rxd4 Bxd4+ 31. Kh1 Qxa2 32. Bh6 Kh8 33. Qb8+
Qg8 34. Qxg8+ Kxg8 35. Ra1 Bxb2 36. Rxa7 Kf7 37. Be3 Be5 38. Kg1 f4 39. Bf2 g5
40. Kf1 h5 41. Bb6 g4 42. Ra5 Ke6 43. Kf2 h4 44. h3 g3+ 45. Kf1 f3 46. gxf3
Bxf3 47. Rxe5+ Kxe5 48. Bd8 b5 49. Bxh4 Kf4 50. Be7 Be4 51. Kg1 Kf3 52. Bd6 Bf5
53. h4 Bg4 54. Kf1 Bh3+ 55. Kg1 Kg4 56. h5 Kxh5 1/2-1/2

[Event "Politiken Cup 2007"]
[Site "Helsingor"]
[Date "2007.07.29"]
[Round "10.98"]
[White "Almer, Julia"]
[Black "Fjellheim, Marius"]
[Result "1-0"]
[WhiteElo "1932"]
[BlackElo "1318"]
[PlyCount "111"]
[EventDate "2007.??.??"]

1. e4 e6 2. d4 d5 3. Nd2 c5 4. exd5 exd5 5. Ngf3 c4 6. c3 Bf5 7. b3 cxb3 8.
axb3 Bd6 9. Bb5+ Nc6 10. O-O Nge7 11. Re1 O-O 12. Nf1 Qc7 13. Ba3 Bxa3 14. Rxa3
a6 15. Be2 Rfe8 16. Ng3 Bg6 17. Nh4 Qf4 18. Nxg6 Nxg6 19. Ra1 Re6 20. Qc1 Rae8
21. Kf1 Qh4 22. h3 Nf4 23. Qd2 Nxe2 24. Rxe2 Rxe2 25. Nxe2 Qe7 26. Re1 Kf8 27.
Nf4 Qxe1+ 28. Qxe1 Rxe1+ 29. Kxe1 Ne7 30. Ke2 Ke8 31. Nh5 Kd7 32. Nxg7 Kc6 33.
Kd3 a5 34. Ne8 b5 35. c4 dxc4+ 36. bxc4 b4 37. c5 Nd5 38. Kc4 a4 39. Nd6 a3 40.
Kb3 Nc3 41. Nc4 Kd5 42. Nxa3 Kxd4 43. Kxb4 Nd5+ 44. Kb5 Nc3+ 45. Kc6 Ne4 46.
Nb5+ Kd3 47. Nd6 Nxf2 48. Kd7 Nd1 49. Nxf7 Ne3 50. g4 Kd4 51. c6 Nd5 52. c7 Ke3
53. Ng5 Kf4 54. Nxh7 Kg3 55. g5 Kxh3 56. g6 1-0

[Event "Politiken Cup 2007"]
[Site "Helsingor"]
[Date "2007.07.29"]
[Round "10.99"]
[White "Viljanen, Jouko"]
[Black "Rolvaag, Birk Anders"]
[Result "1-0"]
[WhiteElo "1917"]
[BlackElo "1320"]
[PlyCount "139"]
[EventDate "2007.??.??"]

1. d4 Nf6 2. c4 g6 3. Nc3 Bg7 4. e4 d6 5. f3 O-O 6. Be3 c6 7. g4 Nbd7 8. Nge2
a6 9. Ng3 b5 10. h4 e5 11. d5 cxd5 12. Nxd5 Rb8 13. cxb5 axb5 14. h5 Nxd5 15.
Qxd5 Nf6 16. Qd2 Qe7 17. Bh6 Be6 18. Bxg7 Kxg7 19. hxg6 fxg6 20. Qg5 Ng8 21.
Qxe7+ Nxe7 22. Be2 Nc6 23. O-O Nd4 24. Bd1 Bc4 25. Rf2 Ra8 26. a3 Ra7 27. Nf1
Raf7 28. Nd2 Be6 29. g5 Rc7 30. Nf1 Rcf7 31. Kg2 d5 32. Nd2 dxe4 33. Nxe4 Rf4
34. Rc1 Bd5 35. Rc7+ Kh8 36. Nc3 Bxf3+ 37. Bxf3 Nxf3 38. Ne4 Nxg5 39. Rxf4 Rxf4
40. Nd6 Rf3 41. Rb7 Rb3 42. Rxb5 Rxb5 43. Nxb5 Ne6 44. a4 Nc5 45. a5 Na6 46.
Nc3 Nb4 47. Ne4 Na6 48. Nf6 Nb4 49. Nd7 Na6 50. Nxe5 Nb4 51. Kf3 Kg8 52. Ke4
Kf8 53. Nd3 Na6 54. b4 Ke8 55. b5 Nc7 56. b6 Na6 57. Kd5 Kd8 58. Kc6 Kc8 59.
Kb5 Kb7 60. Ne5 h5 61. Nxg6 Nb8 62. Nh4 Na6 63. Nf5 Nb8 64. Nd6+ Ka8 65. a6
Nxa6 66. Kxa6 h4 67. b7+ Kb8 68. Nf5 h3 69. Ng3 h2 70. Nh1 1-0

[Event "Politiken Cup 2007"]
[Site "Helsingor"]
[Date "2007.07.29"]
[Round "10.100"]
[White "Hedler, Robert"]
[Black "Nielsen, John Holm"]
[Result "0-1"]
[WhiteElo "1800"]
[BlackElo "2024"]
[PlyCount "62"]
[EventDate "2007.??.??"]

1. d4 d5 2. c4 c6 3. Nf3 Nf6 4. h3 dxc4 5. Qc2 b5 6. e4 e6 7. Bg5 Be7 8. Nbd2
O-O 9. Be2 Bb7 10. O-O Nbd7 11. a4 a6 12. Rfd1 Rc8 13. b3 cxb3 14. Qxb3 Qc7 15.
Rdc1 Qb8 16. Qb2 Bd8 17. Bd3 Re8 18. e5 Nd5 19. Bxd8 Rexd8 20. Ne4 Nf4 21. Bb1
Nb6 22. Nd6 Rxd6 23. exd6 Qxd6 24. a5 Nd7 25. Ng5 Nf6 26. g3 Qxd4 27. Qa2 c5
28. Re1 c4 29. Qc2 Nd3 30. Nxe6 fxe6 31. Ba2 Qd5 0-1

[Event "Politiken Cup 2007"]
[Site "Helsingor"]
[Date "2007.07.29"]
[Round "10.101"]
[White "Henrichsen, Jens"]
[Black "Palvig, David Kinch"]
[Result "1-0"]
[WhiteElo "2010"]
[BlackElo "1741"]
[PlyCount "49"]
[EventDate "2007.??.??"]

1. d4 d5 2. c4 e6 3. Nf3 Nf6 4. Nc3 c6 5. e3 Nbd7 6. Bd3 Bd6 7. e4 dxe4 8. Nxe4
Nxe4 9. Bxe4 Nf6 10. Bc2 O-O 11. O-O b5 12. cxb5 cxb5 13. Qd3 Rb8 14. Bg5 g6
15. Rfe1 Re8 16. Ne5 Rb6 17. Qf3 Be7 18. Nc6 Rxc6 19. Qxc6 Qd7 20. Qxd7 Bxd7
21. Bb3 Bc6 22. Rac1 Bd5 23. Bxf6 Bxb3 24. Bxe7 Bxa2 25. Bf6 1-0

[Event "Politiken Cup 2007"]
[Site "Helsingor"]
[Date "2007.07.29"]
[Round "10.102"]
[White "Koskinen, Veikko"]
[Black "Nielsen, Martin Skovso"]
[Result "0-1"]
[WhiteElo "1977"]
[BlackElo "1735"]
[PlyCount "50"]
[EventDate "2007.??.??"]

1. e4 e5 2. Nf3 Nc6 3. Bb5 f5 4. d4 fxe4 5. Nxe5 Qf6 6. Bxc6 bxc6 7. O-O Ba6 8.
Ng4 Qe6 9. Re1 h5 10. Ne3 d5 11. b3 Bd6 12. c4 Nf6 13. Nc3 Kd7 14. Bb2 Raf8 15.
Na4 Bxh2+ 16. Kxh2 Ng4+ 17. Kg1 Qg6 18. Re2 Bc8 19. cxd5 cxd5 20. Nxd5 Qd6 21.
f4 exf3 22. Re5 f2+ 23. Kh1 f1=Q+ 24. Qxf1 Rxf1+ 25. Rxf1 Nxe5 0-1

[Event "Politiken Cup 2007"]
[Site "Helsingor"]
[Date "2007.07.29"]
[Round "10.103"]
[White "Petersen, Lars"]
[Black "Jørgensen, Carina Eilegaard"]
[Result "1/2-1/2"]
[WhiteElo "1958"]
[BlackElo "1726"]
[PlyCount "141"]
[EventDate "2007.??.??"]

1. e4 c5 2. Nf3 d6 3. Bb5+ Bd7 4. Bxd7+ Nxd7 5. O-O Ngf6 6. Re1 e5 7. c3 g6 8.
a4 Bg7 9. a5 b6 10. Na3 bxa5 11. Nc4 Nb6 12. Nxa5 O-O 13. d3 Qc7 14. Ng5 Rad8
15. c4 Nh5 16. g3 Qc8 17. Kg2 Bh8 18. Bd2 Ng7 19. Nb3 f6 20. Nh3 Rf7 21. Ra3 g5
22. g4 Ne6 23. f3 h6 24. Qa1 Qd7 25. Ra6 Rg7 26. Nf2 Nf4+ 27. Bxf4 gxf4 28. h3
Rb8 29. Nd2 Rb7 30. b3 Nc8 31. Qa4 Qe7 32. Ra1 Nb6 33. Qa3 Qf7 34. Kf1 h5 35.
Ke2 hxg4 36. hxg4 Rh7 37. Nb1 f5 38. Nc3 fxe4 39. Ncxe4 Qe7 40. g5 Qe6 41. Rg1
Kf8 42. Ng4 Rbc7 43. Rg2 Rb7 44. Kf2 Rbc7 45. Kg1 Rb7 46. Rh2 Rxh2 47. Kxh2
Rh7+ 48. Kg2 Qd7 49. b4 cxb4 50. Qxb4 Qe7 51. Qxd6 Qxd6 52. Nxd6 Rd7 53. c5 Nd5
54. Ra3 Nb4 55. Nf2 Nc6 56. Nfe4 Ke7 57. Kh3 Ke6 58. Kg4 Rh7 59. Ne8 Rh1 60.
Ra6 Kd7 61. N8f6+ Kc7 62. Ne8+ Kb7 63. Ra3 Nd4 64. N8d6+ Kb8 65. Nf7 Nc2 66.
Rb3+ Kc7 67. g6 Rg1+ 68. Kh3 Rxg6 69. Rc3 Ne3 70. Ra3 Kb8 71. Rb3+ 1/2-1/2

[Event "Politiken Cup 2007"]
[Site "Helsingor"]
[Date "2007.07.29"]
[Round "10.104"]
[White "Svane, Rasmus"]
[Black "Reppen, Ellisiv"]
[Result "1/2-1/2"]
[WhiteElo "1617"]
[BlackElo "1922"]
[PlyCount "47"]
[EventDate "2007.??.??"]

1. e4 e5 2. Nf3 Nc6 3. Bc4 Bc5 4. b4 Bxb4 5. c3 Be7 6. d4 d6 7. Qb3 Na5 8.
Bxf7+ Kf8 9. Qa4 Kxf7 10. Qxa5 b6 11. Qb5 a6 12. Qd3 exd4 13. cxd4 Nf6 14. Qc4+
Ke8 15. e5 d5 16. Qc2 Ne4 17. Qc6+ Bd7 18. Qxd5 Bb4+ 19. Bd2 Nxd2 20. Nbxd2 Bb5
21. Qe6+ Qe7 22. Qxe7+ Kxe7 23. Rc1 Rac8 24. h4 1/2-1/2

[Event "Politiken Cup 2007"]
[Site "Helsingor"]
[Date "2007.07.29"]
[Round "10.105"]
[White "Lynge, Torben"]
[Black "Thorfinnsdottir, Elsa Maria"]
[Result "0-1"]
[WhiteElo "1920"]
[BlackElo "1693"]
[PlyCount "96"]
[EventDate "2007.??.??"]

1. d4 d5 2. c4 c6 3. cxd5 cxd5 4. Nc3 Nc6 5. Bf4 Qb6 6. Nxd5 Qa5+ 7. Nc3 Qb4 8.
Qd2 Qxd4 9. Qxd4 Nxd4 10. O-O-O Ne6 11. Bg3 Nf6 12. e3 a6 13. Nf3 g6 14. Bc4
Bg7 15. Ne5 Nh5 16. Nf3 Bxc3 17. bxc3 Nxg3 18. hxg3 Bd7 19. Kb2 Rc8 20. Bb3 f6
21. Nh4 Rg8 22. Rxd7 Kxd7 23. Rd1+ Kc7 24. Bxe6 Rcd8 25. Bxg8 Rxd1 26. Kc2 Rf1
27. f4 g5 28. Nf5 Rf2+ 29. Kd3 gxf4 30. gxf4 Rxg2 31. Bxh7 Kd7 32. Nd4 Rxa2 33.
e4 Rb2 34. Bg8 a5 35. Nb3 b6 36. Nd4 a4 37. Bc4 a3 38. Nc2 a2 39. Bxa2 Rxa2 40.
Nb4 Rf2 41. f5 Rb2 42. Nd5 Kd6 43. Ke3 b5 44. Kd3 Rb1 45. Nf4 Rf1 46. Ng6 Rf3+
47. Kd2 Rg3 48. Kc2 Re3 0-1

[Event "Politiken Cup 2007"]
[Site "Helsingor"]
[Date "2007.07.29"]
[Round "10.107"]
[White "Sjol, Henrik"]
[Black "Edakina, Maria"]
[Result "1-0"]
[WhiteElo "1904"]
[BlackElo "1281"]
[PlyCount "59"]
[EventDate "2007.??.??"]

1. c4 c6 2. g3 d5 3. d4 Bf5 4. Nc3 e6 5. Bg2 Nf6 6. Nf3 Nbd7 7. O-O dxc4 8. Nd2
Nb6 9. e4 Bg6 10. Ne2 Bh5 11. f3 Bg6 12. Qc2 Be7 13. Nxc4 Nxc4 14. Qxc4 Qb6 15.
Be3 O-O 16. Nf4 Qa5 17. Rfd1 Ne8 18. Qe2 Rd8 19. b3 Nc7 20. Nd3 Nb5 21. Qf2 Bf6
22. Nc5 Qb6 23. Rac1 Qc7 24. a4 Na3 25. Qa2 Be7 26. Nd3 Qa5 27. Bd2 Qa6 28. Bc3
b5 29. Nb4 Qb6 30. a5 1-0

[Event "Politiken Cup 2007"]
[Site "Helsingor"]
[Date "2007.07.29"]
[Round "10.108"]
[White "Fjellengen, Baard"]
[Black "Helgadottir, Sigridur Bjorg"]
[Result "1-0"]
[WhiteElo "1899"]
[BlackElo "1564"]
[PlyCount "65"]
[EventDate "2007.??.??"]

1. d4 Nf6 2. c4 e6 3. Bg5 Be7 4. Nc3 O-O 5. Nf3 d5 6. e3 b6 7. Bd3 Bb7 8. O-O
Nbd7 9. Qe2 c5 10. Rfd1 Rc8 11. cxd5 exd5 12. Ba6 Qc7 13. Bf4 Bxa6 14. Qxa6 Nb8
15. Qe2 Qd7 16. dxc5 Rxc5 17. Bxb8 Rxb8 18. e4 Qe6 19. Nd4 Qe5 20. exd5 Qxe2
21. Ndxe2 Rd8 22. Nf4 g5 23. Nd3 Rc7 24. Ne5 Bf8 25. Nc6 Rdd7 26. Rac1 h6 27.
Ne5 Rd6 28. f3 Bg7 29. Nc6 Rcd7 30. b3 Nxd5 31. Nxd5 Rxd5 32. Rxd5 Rxd5 33.
Ne7+ 1-0

[Event "Politiken Cup 2007"]
[Site "Helsingor"]
[Date "2007.07.29"]
[Round "10.109"]
[White "Jorgensen, Orla Eilegaard"]
[Black "Nielsen, Palle"]
[Result "1/2-1/2"]
[WhiteElo "1731"]
[BlackElo "1877"]
[PlyCount "64"]
[EventDate "2007.??.??"]

1. c4 g6 2. g3 Bg7 3. Bg2 Nf6 4. Nf3 O-O 5. Nc3 c6 6. O-O a6 7. d4 b5 8. cxb5
axb5 9. b4 Qb6 10. Re1 Na6 11. Rb1 Nc7 12. e4 Re8 13. Be3 Ng4 14. Bc1 Ne6 15.
e5 d5 16. a4 Nc7 17. Bd2 e6 18. Qc1 f6 19. h3 Nxf2 20. Kxf2 fxe5 21. a5 Qa7 22.
Be3 e4 23. Ne5 Bxe5 24. dxe5 d4 25. Nxe4 dxe3+ 26. Ke2 Rf8 27. Nf6+ Kg7 28.
Bxc6 Bb7 29. Bxb7 Qxb7 30. Qxe3 Qg2+ 31. Qf2 Qxf2+ 32. Kxf2 Nd5 1/2-1/2

[Event "Politiken Cup 2007"]
[Site "Helsingor"]
[Date "2007.07.29"]
[Round "10.110"]
[White "Oskarsson, Aron Ingi"]
[Black "Johansen, Stian"]
[Result "1-0"]
[WhiteElo "1871"]
[BlackElo "1000"]
[PlyCount "93"]
[EventDate "2007.??.??"]

1. e4 e6 2. c4 d5 3. cxd5 exd5 4. exd5 Nf6 5. Bb5+ Bd7 6. Bc4 Bc5 7. d4 Bb4+ 8.
Nc3 O-O 9. Nge2 Bf5 10. O-O Nbd7 11. Bg5 h6 12. Bh4 Nb6 13. Bb3 Re8 14. Rc1 a6
15. Bg3 Bxc3 16. Nxc3 Nbxd5 17. Nxd5 Nxd5 18. Bxd5 Qxd5 19. Rxc7 b5 20. Rc5 Qd7
21. d5 Rac8 22. b4 Be4 23. Rxc8 Rxc8 24. d6 Bf5 25. Qa1 Bd3 26. Re1 Re8 27. h3
Bc4 28. a3 Be6 29. Rc1 Rc8 30. Rxc8+ Qxc8 31. Be5 f6 32. Bd4 Qc4 33. Bc5 Qd5
34. Qe1 Kf7 35. Qe2 g6 36. Qe3 g5 37. Qe2 Kg7 38. Qh5 Bf7 39. Qg4 Be6 40. Qe2
Kg6 41. Qc2+ Bf5 42. Qc3 Kf7 43. Qe3 Qe6 44. Qf3 Qe1+ 45. Kh2 Qe5+ 46. g3 Qe1
47. Qxf5 1-0

[Event "Politiken Cup 2007"]
[Site "Helsingor"]
[Date "2007.07.29"]
[Round "10.111"]
[White "Olafsson, Olafur Senior"]
[Black "Jensen, Mads"]
[Result "0-1"]
[WhiteElo "1500"]
[BlackElo "1851"]
[PlyCount "36"]
[EventDate "2007.??.??"]

1. d4 g6 2. e4 Bg7 3. Nf3 d6 4. Bc4 Nf6 5. Qe2 d5 6. exd5 Nxd5 7. Bb3 Nc6 8. c4
Nf6 9. Be3 Ng4 10. Nbd2 Nxd4 11. Nxd4 Bxd4 12. Bxd4 Qxd4 13. Ne4 Bf5 14. Rd1
Qxe4 15. Qxe4 Bxe4 16. f3 Ne3 17. fxe4 Nxd1 18. Bxd1 O-O-O 0-1

[Event "Politiken Cup 2007"]
[Site "Helsingor"]
[Date "2007.07.29"]
[Round "10.112"]
[White "Gade, Jens"]
[Black "Larsen, Finn"]
[Result "1/2-1/2"]
[WhiteElo "1462"]
[BlackElo "1840"]
[PlyCount "95"]
[EventDate "2007.??.??"]

1. d4 Nf6 2. c4 e6 3. e3 d5 4. Nf3 Nbd7 5. Nc3 Bb4 6. Bd2 O-O 7. a3 Be7 8. c5
c6 9. b4 a6 10. Bd3 Qc7 11. O-O Re8 12. Qc2 e5 13. dxe5 Nxe5 14. Nxe5 Qxe5 15.
Ne2 Ne4 16. Bxe4 dxe4 17. Bc3 Qe6 18. Ng3 Bg5 19. Rad1 Qg6 20. Rd6 Bf6 21. Rfd1
Bg4 22. R1d4 h5 23. Rxe4 Rxe4 24. Bxf6 Rxe3 25. Qd2 Qb1+ 26. Nf1 Re1 27. h3
Rxf1+ 28. Kh2 Be6 29. Qg5 Rh1+ 30. Kg3 Qb3+ 31. f3 Qxf3+ 32. Kxf3 Rf1+ 33. Kg3
Rxf6 34. Qxh5 Rf1 35. Qe2 Rf6 36. h4 Re8 37. Qd2 Bd5 38. Rxf6 gxf6 39. Kf2 Kg7
40. Qf4 Re4 41. Qg3+ Kh7 42. Qd3 f5 43. g3 Kg6 44. Qd2 f6 45. Qc3 Re5 46. Qd3
Re4 47. Qd1 Kh6 48. Qd2+ 1/2-1/2

[Event "Politiken Cup 2007"]
[Site "Helsingor"]
[Date "2007.07.29"]
[Round "10.113"]
[White "Braüner, Jonathan"]
[Black "Persson, Borje"]
[Result "1/2-1/2"]
[WhiteElo "1284"]
[BlackElo "1804"]
[PlyCount "62"]
[EventDate "2007.??.??"]

1. d4 Nf6 2. c4 e6 3. Nc3 Bb4 4. Qc2 O-O 5. a3 Bxc3+ 6. Qxc3 b6 7. Bg5 Bb7 8.
Nf3 h6 9. Bh4 d6 10. e3 Nbd7 11. Bd3 a5 12. b4 axb4 13. axb4 Qe7 14. O-O e5 15.
dxe5 dxe5 16. e4 g5 17. Bg3 Bxe4 18. Nxe5 Bxd3 19. Nxd7 Qxd7 20. Qxf6 Qe6 21.
Qxe6 fxe6 22. Rxa8 Rxa8 23. Rc1 Bxc4 24. f3 b5 25. Bxc7 Ra4 26. Bd6 Ra2 27. Bc5
Kf7 28. Rd1 Kg6 29. Rd8 h5 30. Rg8+ Kf5 31. Be7 g4 1/2-1/2

[Event "Politiken Cup 2007"]
[Site "Helsingor"]
[Date "2007.07.29"]
[Round "10.114"]
[White "Frank-Nielsen, Marie"]
[Black "Brandt, Eivind"]
[Result "1-0"]
[WhiteElo "1967"]
[BlackElo "1030"]
[PlyCount "59"]
[EventDate "2007.??.??"]

1. e4 c5 2. c3 Nc6 3. d4 e6 4. Nf3 d5 5. exd5 exd5 6. Be2 Nf6 7. O-O c4 8. b3
Be6 9. bxc4 dxc4 10. Ng5 Bd5 11. Na3 h6 12. Nh3 Na5 13. Nf4 Qd7 14. Nxd5 Nxd5
15. Bg4 Qc6 16. Re1+ Be7 17. Bf3 Rd8 18. Re5 f6 19. Re2 Kf7 20. Qc2 g6 21. Nb1
Qc7 22. g3 Kg7 23. h4 h5 24. Nd2 Rhe8 25. Nf1 Nc6 26. Bxd5 Rxd5 27. Ne3 Rxd4
28. Ng2 Rdd8 29. Nf4 f5 30. Ne6+ 1-0

[Event "Politiken Cup 2007"]
[Site "Helsingor"]
[Date "2007.07.29"]
[Round "10.115"]
[White "Mæchel, Michael"]
[Black "Nordfjoerd, Sverrir"]
[Result "1/2-1/2"]
[WhiteElo "1605"]
[BlackElo "2039"]
[PlyCount "33"]
[EventDate "2007.??.??"]

1. e4 e5 2. Nf3 Nc6 3. Bb5 a6 4. Ba4 Nf6 5. O-O Be7 6. Re1 b5 7. Bb3 d6 8. h3
O-O 9. c3 Na5 10. Bc2 c5 11. d4 cxd4 12. cxd4 Qc7 13. d5 Bd7 14. a3 Rfc8 15.
Nc3 Nb7 16. Be3 a5 17. Rc1 1/2-1/2

[Event "Politiken Cup 2007"]
[Site "Helsingor"]
[Date "2007.07.29"]
[Round "10.116"]
[White "van Veelen, Jouke"]
[Black "Kokholm, Daniel"]
[Result "0-1"]
[WhiteElo "1565"]
[BlackElo "2000"]
[PlyCount "66"]
[EventDate "2007.??.??"]

1. Nf3 Nc6 2. d4 d5 3. Bf4 Bg4 4. e3 e6 5. Be2 Bd6 6. Bg3 Bxg3 7. hxg3 Nf6 8.
Nbd2 Bxf3 9. Nxf3 Ne4 10. Nd2 f5 11. Nxe4 fxe4 12. Bh5+ Kd7 13. c4 Qe7 14. a3
Qg5 15. c5 g6 16. Be2 h5 17. Rh4 Ne7 18. Qc2 Nf5 19. c6+ bxc6 20. Rf4 Qe7 21.
Rc1 Qd6 22. b4 g5 23. Rxe4 dxe4 24. b5 Ne7 25. bxc6+ Ke8 26. Bc4 Nd5 27. Qxe4
Kf7 28. Bd3 Rh6 29. Qf3+ Kg7 30. e4 Qxa3 31. Rc5 Qa1+ 32. Kd2 Qxd4 33. exd5
Qxc5 0-1

[Event "Politiken Cup 2007"]
[Site "Helsingor"]
[Date "2007.07.29"]
[Round "10.117"]
[White "Nielsen, Preben"]
[Black "Christensen, Casper"]
[Result "1/2-1/2"]
[WhiteElo "1962"]
[BlackElo "1524"]
[PlyCount "100"]
[EventDate "2007.??.??"]

1. e4 c5 2. Nc3 a6 3. f4 e6 4. Nf3 d5 5. d3 dxe4 6. Nxe4 Nf6 7. Be3 Nc6 8. Qd2
b6 9. Be2 Ng4 10. Bg1 Be7 11. h3 Nf6 12. c3 Bb7 13. Nf2 Qc7 14. Bh2 Bd6 15. Ng4
Nh5 16. g3 Ne7 17. O-O-O Nf5 18. Rhg1 b5 19. Nge5 Nf6 20. g4 Ne7 21. g5 Nd7 22.
Nxd7 Qxd7 23. Ne5 Qc7 24. Kb1 c4 25. d4 Be4+ 26. Ka1 O-O 27. Qe3 Bf5 28. Bf3
Ra7 29. Be4 b4 30. Bxf5 Nxf5 31. Qe2 bxc3 32. bxc3 Rc8 33. Rb1 Ba3 34. Rgd1 Qa5
35. Qf3 Ne7 36. f5 Nd5 37. Nxc4 Qxc3+ 38. Qxc3 Nxc3 39. Nxa3 Nxd1 40. Rxd1 Rc3
41. Bd6 Rxh3 42. Rc1 Ra8 43. fxe6 fxe6 44. Re1 Rd3 45. Bc5 Rb8 46. Nc4 Rb5 47.
a3 Rg3 48. Rxe6 Rg1+ 49. Ka2 Rg2+ 50. Ka1 Rg1+ 1/2-1/2

[Event "Politiken Cup 2007"]
[Site "Helsingor"]
[Date "2007.07.29"]
[Round "10.118"]
[White "Jogvansson, Hjalti Toftum"]
[Black "Erikstad, Olav"]
[Result "0-1"]
[WhiteElo "1519"]
[BlackElo "1936"]
[PlyCount "64"]
[EventDate "2007.??.??"]

1. d4 c6 2. Nf3 Nf6 3. Bf4 d5 4. e3 Bf5 5. Ne5 Qb6 6. b3 e6 7. g4 Bb4+ 8. c3
Bxb1 9. cxb4 Qxb4+ 10. Ke2 Ne4 11. Nd3 Nc3+ 12. Kf3 Nxd1 13. Nxb4 Be4+ 14. Kg3
Bxh1 15. f3 Nc3 16. Bd3 Bxf3 17. Kxf3 a5 18. Nc2 Nd7 19. Bd6 Nf6 20. Be5 h5 21.
g5 Nfe4 22. h4 f6 23. gxf6 gxf6 24. Bf4 Kd7 25. a4 Rhg8 26. Bxe4 Nxe4 27. Ne1
Rg4 28. Ng2 Rag8 29. Ra2 e5 30. dxe5 fxe5 31. Bxe5 Rf8+ 32. Bf4 Rg3+ 0-1

[Event "Politiken Cup 2007"]
[Site "Helsingor"]
[Date "2007.07.29"]
[Round "10.119"]
[White "Agdestein, Einar Døving"]
[Black "Hansen, Henrik Damgaard"]
[Result "1-0"]
[WhiteElo "1314"]
[BlackElo "1904"]
[PlyCount "55"]
[EventDate "2007.??.??"]

1. e4 d5 2. exd5 Nf6 3. d4 Bg4 4. f3 Bf5 5. g4 Bg6 6. c4 e6 7. Qb3 exd5 8. Qxb7
Nbd7 9. g5 Rb8 10. Qxa7 Bb4+ 11. Kf2 Nh5 12. c5 Qe7 13. Ne2 O-O 14. a3 Nxc5 15.
axb4 Nd3+ 16. Kg2 Nxc1 17. Nbc3 Qxg5+ 18. Ng3 Qe3 19. Nxd5 Nf4+ 20. Nxf4 Qxf4
21. Bc4 Nd3 22. Bxd3 Bxd3 23. Qc5 Qd2+ 24. Kh3 Rb6 25. Rhe1 Rh6+ 26. Nh5 g6 27.
Qxf8+ Kxf8 28. Ra8# 1-0

[Event "Politiken Cup 2007"]
[Site "Helsingor"]
[Date "2007.07.29"]
[Round "10.120"]
[White "Tudvad, Mads"]
[Black "Christensen, Simon Ellegaard"]
[Result "1/2-1/2"]
[WhiteElo "1873"]
[BlackElo "1508"]
[PlyCount "36"]
[EventDate "2007.??.??"]

1. e4 e6 2. d4 c5 3. Nf3 cxd4 4. Nxd4 Nc6 5. Nc3 Bb4 6. Ndb5 d5 7. exd5 exd5 8.
a3 Bxc3+ 9. Nxc3 Nf6 10. Bb5 O-O 11. O-O Qb6 12. Bd3 Bg4 13. Be2 Bxe2 14. Nxe2
Rfe8 15. b4 Rad8 16. Bb2 d4 17. Qd3 a5 18. b5 Ne5 1/2-1/2

[Event "Politiken Cup 2007"]
[Site "Helsingor"]
[Date "2007.07.29"]
[Round "10.121"]
[White "Pijlman, Rene"]
[Black "Hrafnkelsson, Gisli"]
[Result "1-0"]
[WhiteElo "1854"]
[BlackElo "1505"]
[PlyCount "31"]
[EventDate "2007.??.??"]

1. e4 e5 2. Nf3 Nc6 3. d4 exd4 4. Bc4 d6 5. Nxd4 Nxd4 6. Qxd4 Qf6 7. Qd3 Be6 8.
Nc3 a6 9. O-O Ne7 10. Be3 Nc6 11. f4 Nb4 12. Qe2 Nxc2 13. Qxc2 Bxc4 14. Rfe1
Be7 15. b3 Be6 16. f5 1-0

[Event "Politiken Cup 2007"]
[Site "Helsingor"]
[Date "2007.07.29"]
[Round "10.122"]
[White "Jørgensen, Rasmus"]
[Black "Vaarala, Eric"]
[Result "1/2-1/2"]
[WhiteElo "1399"]
[BlackElo "1813"]
[PlyCount "78"]
[EventDate "2007.??.??"]

1. Nf3 Nf6 2. g3 c6 3. Bg2 d5 4. O-O Qc7 5. d4 e6 6. a4 Bd6 7. Na3 Nbd7 8. c4
Qd8 9. Re1 O-O 10. c5 Be7 11. b4 a6 12. Bb2 Ne4 13. Nd2 Nxd2 14. Qxd2 f5 15. b5
Nf6 16. f3 Nh5 17. e4 fxe4 18. fxe4 Bg5 19. Qe2 g6 20. Rf1 Bd7 21. b6 Qe7 22.
e5 Rxf1+ 23. Rxf1 Rf8 24. Nc2 Bc8 25. Bc1 Rxf1+ 26. Qxf1 Ng7 27. Bxg5 Qxg5 28.
Qf2 Nf5 29. Qf4 Qxf4 30. gxf4 Kg7 31. Kf2 Kh6 32. Bh3 Kh5 33. Bxf5 gxf5 34. Kg3
Kg6 35. Kh4 h6 36. a5 Bd7 37. Ne3 Be8 38. Nf1 Kg7 39. Ng3 Kh7 1/2-1/2

[Event "Politiken Cup 2007"]
[Site "Helsingor"]
[Date "2007.07.29"]
[Round "10.123"]
[White "Thorsteinsdottir, Hallgerdur"]
[Black "Hinman, Chris"]
[Result "1-0"]
[WhiteElo "1808"]
[BlackElo "1478"]
[PlyCount "46"]
[EventDate "2007.??.??"]

1. e4 c5 2. Nf3 Nc6 3. Bb5 g6 4. Bxc6 bxc6 5. O-O Bg7 6. d3 e6 7. Nc3 d6 8. h3
Ne7 9. Nh2 O-O 10. f4 a5 11. Be3 a4 12. a3 Bb7 13. e5 f5 14. exd6 Qxd6 15. Qe2
Bd4 16. Rae1 Rf6 17. Nf3 Qxf4 18. Nxd4 Qd6 19. Nf3 e5 20. Bf2 Nd5 21. Qxe5 Qxe5
22. Nxe5 Nxc3 23. bxc3 Rd8 1-0

[Event "Politiken Cup 2007"]
[Site "Helsingor"]
[Date "2007.07.29"]
[Round "10.124"]
[White "Meier, Lars"]
[Black "Larsen, Bjarke"]
[Result "1-0"]
[WhiteElo "1744"]
[BlackElo "1395"]
[PlyCount "49"]
[EventDate "2007.??.??"]

1. e4 e5 2. Nf3 Nc6 3. Bb5 Nf6 4. O-O d6 5. d4 exd4 6. Nxd4 Bd7 7. Nxc6 bxc6 8.
Bc4 Be7 9. Nc3 O-O 10. Bf4 Be6 11. Bb3 d5 12. exd5 Nxd5 13. Nxd5 cxd5 14. Rc1
Bf6 15. c3 Re8 16. Qf3 c6 17. Rcd1 Qc8 18. h3 Qb7 19. Be3 a5 20. Ba4 Rac8 21.
Rd2 Qe7 22. Bb6 Qb7 23. Bxa5 Ra8 24. b4 c5 25. Bxe8 1-0